Thơ văn Lý Trần Nhà văn và tác phẩm trong nhà trường
Đã lưu trong:
| Tác giả chính: | |
|---|---|
| Định dạng: | Sách |
| Ngôn ngữ: | Undetermined |
| Được phát hành: |
H.
Giáo dục
1999
|
| Những chủ đề: | |
| Truy cập trực tuyến: | http://lrc.tdmu.edu.vn/opac/search/detail.asp?aID=2&ID=6471 |
| Các nhãn: |
Thêm thẻ
Không có thẻ, Là người đầu tiên thẻ bản ghi này!
|
| Thư viện lưu trữ: | Trung tâm Học liệu Trường Đại học Thủ Dầu Một |
|---|
| LEADER | 00652nam a2200205Ia 4500 | ||
|---|---|---|---|
| 001 | TDMU_6471 | ||
| 008 | 210410s9999 xx 000 0 und d | ||
| 082 | |a 895.922 092 | ||
| 090 | |b L250 | ||
| 100 | |a Lê, Bảo | ||
| 245 | 0 | |a Thơ văn Lý Trần | |
| 245 | 0 | |b Nhà văn và tác phẩm trong nhà trường | |
| 245 | 0 | |c Lê Bảo | |
| 260 | |a H. | ||
| 260 | |b Giáo dục | ||
| 260 | |c 1999 | ||
| 300 | |a 127tr | ||
| 650 | |a Văn học trung đại; Phân tích; Nghiên cứu | ||
| 856 | |u http://lrc.tdmu.edu.vn/opac/search/detail.asp?aID=2&ID=6471 | ||
| 980 | |a Trung tâm Học liệu Trường Đại học Thủ Dầu Một | ||